Statistiques concernant Gares de l'Indre

Cliquez ici pour prendre le quiz!

Statistiques générales

  • Ce quiz a été pris 49 fois
  • Le résultat moyen est 5 sur 13

Statistiques - réponses

Nombre de voyageursGares% Correct
728 454Châteauroux
100%
163 340Issoudun
94%
128 952Argenton sur Creuse
63%
17 864Valençay
50%
30Luant
34%
752Lothiers
31%
4 776Eguzon
28%
18 355Reuilly
28%
21 423Chabris
25%
7 259Neuvy Pailloux
25%
1 554Sainte Lizaigne
22%
95Chabenet
19%
4 331Varennes sur Fouzon
19%

Distribution des résultats

Percentile par nombre de réponses

% des personnes avec chaque résultat

Votre développement - résultats

Vous n’avez pas pris ce quiz